Responsabilidad del estado y de los funcionarios públicos (Registro nro. 278)
[ vista simple ]
| 000 -LEADER | |
|---|---|
| fixed length control field | 02185 a2200349 4500 |
| 001 - CONTROL NUMBER | |
| control field | 3052 |
| 005 - DATE AND TIME OF LATEST TRANSACTION | |
| control field | 20260407155424.0 |
| 008 - FIXED-LENGTH DATA ELEMENTS--GENERAL INFORMATION | |
| fixed length control field | 260407a2003 arg spa d |
| 003 - CONTROL NUMBER IDENTIFIER | |
| control field | AR-UNSa-BCEJYS |
| 040 ## - CATALOGING SOURCE | |
| Original cataloging agency | AR-UNSa-BCEJYS |
| Language of cataloging | spa |
| Transcribing agency | AR-UNSa-BCEJYS |
| 080 ## - UNIVERSAL DECIMAL CLASSIFICATION NUMBER | |
| Universal Decimal Classification number | 35.086 |
| Common auxiliary subdivision | Responsabilidad de los funcionarios |
| 020 ## - INTERNATIONAL STANDARD BOOK NUMBER | |
| International Standard Book Number | 950-727-447-2 |
| 100 1# - MAIN ENTRY--PERSONAL NAME | |
| Personal name | Mosset Iturraspe, Jorge |
| 245 10 - TITLE STATEMENT | |
| Title | Responsabilidad del estado y de los funcionarios públicos |
| 264 #1 - PRODUCTION, PUBLICATION, DISTRIBUTION, MANUFACTURE, AND COPYRIGHT NOTICE | |
| Place of production, publication, distribution, manufacture | Buenos Aires : |
| Name of producer, publisher, distributor, manufacturer | Rubinzal-Culzoni Editores |
| Date of production, publication, distribution, manufacture, or copyright notice | 2003 |
| 300 ## - PHYSICAL DESCRIPTION | |
| Extent | 355 p. |
| Dimensions | 22 cm. |
| 505 ## - FORMATTED CONTENTS NOTE | |
| Formatted contents note | 1. Introducción - 2. Visión jusprivatista de la responsabilidad del Estado - 3. La responsabilidad del BCRA y solidaria de sus directores - 4. Responsabilidad estatal por la liquidación de entidades aseguradoras - 5. La restricción de la libertad y sus límites normativos: distintas responsabilidades - 6. Responsabilidad del Estado y conciencia ciudadana. Una aproximación sociológica sobre la relación Estado y sociedad - 7. Los órganos de control del sector público nacional y la responsabilidad patrimonial de los funcionarios públicos - 8. Responsabilidad del Estado y del Banco Central de la República Argentina - 9. Juicio político. Enjuiciamiento de funcionarios públicos - 10. Medidas económicas de emergencia, responsabilidad de los funcionarios - 11. Responsabilidad del Estado y de los funcionarios respecto al medio ambiente - 12. Responsabilidad civil por incumplimiento de programas de gobierno y promesas electorales - 13. Responsabilidad del Estado por medidas económicas dictadas en emergencia |
| 590 ## - LOCAL NOTE (RLIN) | |
| Local note | niveau_biblio:m niveau_hierar:0 |
| 700 1# - ADDED ENTRY--PERSONAL NAME | |
| Personal name | Stiglitz, Gabriel |
| 700 1# - ADDED ENTRY--PERSONAL NAME | |
| Personal name | Ghersi, Carlos Alberto |
| 700 1# - ADDED ENTRY--PERSONAL NAME | |
| Personal name | Coriolano, Mario |
| 700 1# - ADDED ENTRY--PERSONAL NAME | |
| Personal name | González, Andrea |
| 700 1# - ADDED ENTRY--PERSONAL NAME | |
| Personal name | Picone, Griselda |
| 700 1# - ADDED ENTRY--PERSONAL NAME | |
| Personal name | Rusconi, Dante |
| 700 1# - ADDED ENTRY--PERSONAL NAME | |
| Personal name | Huenchiman, Valeria |
| 700 1# - ADDED ENTRY--PERSONAL NAME | |
| Personal name | Ruiz, Karina |
| 700 1# - ADDED ENTRY--PERSONAL NAME | |
| Personal name | Ontivero, Carlos |
| 700 1# - ADDED ENTRY--PERSONAL NAME | |
| Personal name | Colina, Pedro Rafael de la |
| 700 1# - ADDED ENTRY--PERSONAL NAME | |
| Personal name | Vidal, Verónica |
| 856 41 - ELECTRONIC LOCATION AND ACCESS | |
| Uniform Resource Identifier | <a href="https://biblioeco.unsa.edu.ar/pmb/images/libros/Responsabilidad del estado y de los funcionarios publicos-l117804.jpg">https://biblioeco.unsa.edu.ar/pmb/images/libros/Responsabilidad del estado y de los funcionarios publicos-l117804.jpg</a> |
| Link text | Imagen de portada |
| Electronic format type | image/jpeg |
| 942 ## - ADDED ENTRY ELEMENTS (KOHA) | |
| Koha item type | |
| Withdrawn status | Lost status | Damaged status | Not for loan | Home library | Current library | Shelving location | Date acquired | Total checkouts | Full call number | Barcode | Date last seen | Price effective from | Koha item type |
|---|---|---|---|---|---|---|---|---|---|---|---|---|---|
| Biblioteca Prof. Eusebio Cleto del Rey | Biblioteca Prof. Eusebio Cleto del Rey | 07/04/2026 | 35.086 S854 | L117804 | 07/04/2026 | 07/04/2026 | Libro |